000 00913nmc a2200301 a 4500
003 AR-BaBNM
005 20251128204721.0
008 011101s1991 ||||||||||||||000 | spa||
020 _a84-7112-365-7
040 _cAR-BaBNM
100 1 _aSwanwick, Keith
245 1 0 _aMúsica, pensamiento y educación
260 _aMadrid
_bMinisterio de Educación y Ciencia
_bEdiciones Morata
_c1991
300 0 _a191 p.
_bgráfs.
490 0 _aEducación infantil y primaria
_vv. 24
500 0 _aTraducción por Manuel Olasagasti
500 0 _aRevisión y notas por Jurjo Torres Santomé
504 _aBibliografía: p.176-181
650 4 _aEDUCACION MUSICAL
650 4 _aTEORIA MUSICAL
650 4 _aCOMPOSICION MUSICAL
650 4 _aENSENANZA DE LA MUSICA
650 4 _aPENSAMIENTO CREATIVO
650 4 _aCREACION ARTISTICA
700 1 _aSanuy, Montserrat
_eprologuista
942 _cBK
998 _cGrace
999 _c8544
_d8544